| 000 | 00853nam a2200289 a 4500 | ||
|---|---|---|---|
| 001 | 67181 | ||
| 003 | BD-RjUL | ||
| 005 | 20211209081626.0 | ||
| 008 | 170322r19691968enka b 000 0 eng d | ||
| 035 | _a(BD-RjUL)67312 | ||
| 040 |
_aDLC _cDLC _dBD-RjUL _beng |
||
| 041 | _aeng | ||
| 060 | 0 | _aWM 100 G259a 1968 | |
| 082 |
_223 _a616.89 _bGAA 1969 |
||
| 100 | 1 |
_aGathercole, C. E. _q(Chris E.) _9199005 |
|
| 245 | 1 | 0 |
_aAssessment in clinical psychology / _cC.E. Gathercole |
| 260 |
_aHarmondsworth : _bPenguin, _c1969. |
||
| 300 |
_a172 p. : _bill. ; _c18 cm. |
||
| 490 | 1 | _aPenguin Education ; | |
| 490 | 1 | _aClinical psychology | |
| 504 | _aIncludes bibliographies and indexes. | ||
| 650 | 0 |
_aClinical psychology _9199006 |
|
| 830 | 0 |
_aPenguin Education ; _9199011 |
|
| 830 | 0 |
_aClinical psychology. _9199012 |
|
| 942 |
_2ddc _cBK |
||
| 999 |
_c67181 _d67181 |
||